000 01119nam a22002777a 4500
001 BD-DhSAU 9278
003 BD-DhSAU
005 20221206151801.0
008 150613b2018 bg a|||| m||| 00| 0 eng d
040 _aBD-DhSAU
082 _222
_a630
_bC5528
100 _aCHOWDHURY, MAKSUDA
_eRegistration # 14-06278
245 _aGrowth and yield of sau shada bhutta-3 under different spacing and irrigation frequency in rabi season /
_bMS thesis
260 _aSher-e-Bangla Agricultural University :
_bDepartment of Agronomy,
_c2021
300 _axiii, 108p. :
_bill. ;
_c30 cm.
500 _aMS thesis of Department of Agonomy, Faculty of Agriculture, Sher-e-Bangla Agricultural University, Dhaka, Bangladesh
504 _aIncludes bibliographical reference.
590 _aNazmul
650 _asau shada bhutta-3
650 _airrigation frequency
651 _arabi season
700 _aProf. Dr. Md. Jafar Ullah
_eSuperviser
700 _aAssoc. Prof. Dr. Anisur Rahman
_eCo-superviser
856 _uhttp://archive.saulibrary.edu.bd:8080/xmlui/handle/123456789/4596
942 _2ddc
_cTHESIS
999 _c16294
_d16293